Library Catalog

Focus : (Record no. 492286)

MARC details
000 -LEADER
fixed length control field 00930nam a22002417a 4500
003 - CONTROL NUMBER IDENTIFIER
control field OSt
005 - DATE AND TIME OF LATEST TRANSACTION
control field 20260420160015.0
008 - FIXED-LENGTH DATA ELEMENTS--GENERAL INFORMATION
fixed length control field 260420b |||||||| |||| 00| 0 eng d
020 ## - INTERNATIONAL STANDARD BOOK NUMBER
International Standard Book Number 9780415960656
040 ## - CATALOGING SOURCE
Original cataloging agency Kenya National Library Service
082 ## - DEWEY DECIMAL CLASSIFICATION NUMBER
Classification number 780.981 CRO
100 ## - MAIN ENTRY--PERSONAL NAME
Personal name Crook, Larry
Relator term author
245 ## - TITLE STATEMENT
Title Focus :
Remainder of title music of Northeast Brazil /
Statement of responsibility, etc. Larry Crook
250 ## - EDITION STATEMENT
Edition statement Second Edition
300 ## - PHYSICAL DESCRIPTION
Extent xix, 281 pages :
Other physical details illustrations ;
Dimensions 25 cm.
504 ## - BIBLIOGRAPHY, ETC. NOTE
Bibliography, etc. note Includes bibliographical references and Index
520 ## - SUMMARY, ETC.
Summary, etc. Focus : Music of northern Brazil examines the historical and contemporary manifestations of the music of Brazil, a country with a musical landscape that is layered with complexity and diversity.
650 ## - SUBJECT ADDED ENTRY--TOPICAL TERM
Topical term or geographic name entry element Music- Brazil Northern
Form subdivision History and criticisms
650 ## - SUBJECT ADDED ENTRY--TOPICAL TERM
Topical term or geographic name entry element Ethomusicology
Form subdivision Brazil
942 ## - ADDED ENTRY ELEMENTS (KOHA)
Source of classification or shelving scheme Dewey Decimal Classification
Koha item type Books
Suppress in OPAC No
Holdings
Withdrawn status Source of classification or shelving scheme Damaged status Not for loan Home library Current library Date acquired Source of acquisition Cost, normal purchase price Total checkouts Full call number Barcode Date last seen Price effective from Koha item type
  Dewey Decimal Classification     Nakuru Library Acquisition, Cataloguing, Classification and Distribution Development 04/20/2026 donation 7124.00   780.981 CRO B237674 04/20/2026 04/20/2026 Books

© 2025, Kenya National Library Service | Designed & Maintained by Uvumbuzi Center